| 000 | 01296cam a22003375a 4500 | ||
|---|---|---|---|
| 001 | 15187721 | ||
| 003 | EG-ScBUE | ||
| 005 | 20220421122920.0 | ||
| 008 | 080221s2009 enk f be 001 0 eng d | ||
| 020 | _a9780415369305 (hardback : alk. paper) | ||
| 020 | _a0415369304 (hardback : alk. paper) | ||
| 035 | _a(OCoLC)202543828 | ||
| 040 |
_aDLC _beng _erda _cDLC _dEG-ScBUE |
||
| 082 | 0 | 4 |
_222 _a418.0203 _bROU |
| 245 | 0 | 0 |
_aRoutledge encyclopedia of translation studies / _cedited by Mona Baker and Gabriela Saldanha. |
| 250 | _aSecond edition. | ||
| 264 | 1 |
_aLondon ; _aNew York : _bRoutledge, _c2009. |
|
| 300 |
_axxii, 674 pages ; _c26 cm |
||
| 336 |
_2rdacontent _atext _btxt |
||
| 337 |
_2rdamedia _aunmediated _bn |
||
| 338 |
_2rdacarrier _avolume _bnc |
||
| 504 | _aIncludes bibliographical references and index. | ||
| 520 | _a Includes approximately 30 new entries, this encyclopedia presents a comprehensive overview of the rich and complex academic discipline of translation studies. | ||
| 650 | 7 |
_aTranslating and interpreting _vEncyclopedias. _2BUEsh _941000 |
|
| 651 | _2BUEsh | ||
| 653 |
_bHHUUEENN _cAugust 2016 |
||
| 655 |
_vReading book _934232 |
||
| 700 | 1 |
_aBaker, Mona, _eeditor. _939801 |
|
| 700 | 1 |
_aSaldanha, Gabriela, _eeditor. |
|
| 942 |
_2ddc _e22 _k418.0203 ROU _cBB |
||
| 999 |
_c22292 _d22264 |
||